[Event "Nussloch"]
[Site "Nussloch"]
[Date "1996.??.??"]
[Round "1"]
[White "Dreev, Alexey"]
[Black "Hickl, Joerg"]
[Result "1-0"]
[WhiteElo "2670"]
[BlackElo "2580"]
[Annotator "Stohl,I"]
[PlyCount "95"]
[EventDate "1996.??.??"]
[EventType "tourn"]
[EventRounds "11"]
[EventCountry "GER"]
[EventCategory "15"]
[SourceTitle "CBM 053"]
[Source "ChessBase"]
[SourceDate "1996.08.01"]
[SourceVersion "1"]
[SourceVersionDate "1996.08.01"]
[SourceQuality "1"]

1. d4 d6 2. e4 g6 3. Nc3 c6 4. h3 Bg7 5. Nf3 Nf6 6. Be2 O-O 7. O-O Nbd7 8. e5 {
Only this space-gaining advance gives White chances for an opening advantage.}
dxe5 (8... Nd5 $6 9. exd6 exd6 10. Nxd5 cxd5 11. c3 Nb6 12. Bg5 Qc7 13. Qc1 Bf5
14. Nh2 f6 15. Bf4 Rae8 16. Re1 Bd7 17. Nf1 Bc6 18. Bd3 a6 19. Ng3 Bb5 20. Bc2
Qd7 21. b3 Qc7 22. a4 Rxe1+ 23. Qxe1 Bd7 24. Bd3 Re8 25. Qd2 $16 {Hracek,
Z-Hickl,J/Altensteig/1995/}) (8... Ne8 9. Bf4 (9. Re1 dxe5 10. dxe5 Nc7 11. Bf1
(11. Bf4 Ne6 12. Bg3 Qb6 13. a3 Rd8 14. Qc1 Ndf8 15. Bh4 Re8 16. Qd2 Bd7 17. b4
Rad8 18. Rad1 Bc8 19. Bd3 Nd4 20. Nxd4 Rxd4 21. Bg5 Rdd8 22. Be3 Qc7 23. f4 f6
24. Qf2 b6 $10 {Kamsky,G-Nogueiras,J/Luzern WchT/1993/}) 11... Ne6 12. b3 Qa5
13. Bd2 Qc7 14. Qe2 b5 15. Rad1 a6 16. g3 Bb7 17. Bg2 c5 18. Bc1 Nb6 19. Bb2
Rad8 20. Ne4 h6 21. h4 Rxd1 22. Rxd1 Rd8 23. Rxd8+ Qxd8 24. h5 g5 25. Nh2 Nd4
26. Qd3 Bxe5 27. Nxg5 $1 $16 {Hjartarson-Todorcevic/Szirak izt/1987/}) 9... Qa5
(9... dxe5 10. dxe5 Nc7 11. Qc1 Ne6 12. Bh6 Qc7 13. Bxg7 Kxg7 14. Qe3 Qb6 15.
Qc1 Qa5 16. Qe3 Qc5 17. Qxc5 Ndxc5 18. Rfd1 a5 19. a4 Nf4 20. Bc4 Be6 21. Bxe6
fxe6 22. h4 h6 23. Rd4 Nd5 24. Ne4 Nxe4 25. Rxe4 $10 {Vukovic,Zd-Damljanovic,B/
JUG-chT Cetinje/1992/}) 10. exd6 Nxd6 11. Re1 Nb6 12. Bf1 Be6 13. Be5 Bh6 14.
Ne4 Ndc4 15. Nc5 Bd5 16. b3 Bxf3 17. Qxf3 Nxe5 18. Rxe5 Bg7 19. Nxb7 Qa3 20.
Ra5 Qb2 21. Re1 Bxd4 22. Rxe7 Nd5 23. Rd7 Rae8 $44 {Westerinen,HMJ-Ftacnik,L/
Hamburg op/1995/}) 9. dxe5 Nd5 10. Nxd5 cxd5 11. Bf4 {White has a space
advantage (Pe5) and attacking chances on the K-side, so Black must play
actively to gain sufficient counterplay. Slow moves enable White to build up
his position.} Nc5 $6 (11... Qc7 $142 $1 12. Qxd5 Qxc2 13. Bb5 (13. Qd3 Qxd3
14. Bxd3 Nc5 15. Be2 Bf5 16. Rfd1 Rfd8 17. Be3 Nd7 18. Bd4 Bc2 19. Rd2 Nxe5 20.
Rxc2 Nxf3+ 21. Bxf3 Bxd4 $15 {Hracek,Z-Bologan,V/BL 9596/1995/}) 13... Qf5 (
13... Qc5 14. Qxc5 Nxc5 15. Rac1 Ne6 16. Be3 b6 17. Bc6 Rb8 18. Rfd1 Rd8 19. b4
Rxd1+ 20. Rxd1 Bb7 21. b5 Bxc6 22. bxc6 Nf8 23. Nd4 Rc8 24. Rc1 a6 25. f4 f6
26. e6 f5 27. c7 Bxd4 28. Bxd4 Nxe6 29. Bxb6 $16 {Yermolinsky,
A-Azmayparashvili,Z/URS-FL Kuibishev/1986/}) (13... Nb6 14. Qd4 Bf5 15. Rac1
Qe4 16. Rfe1 Qd5 17. Bc4 Qxd4 18. Nxd4 Rfc8 19. Nxf5 Rxc4 20. Nxe7+ Kf8 21.
Rxc4 Nxc4 22. Nd5 Nxb2 23. Rb1 Rd8 24. Rxb2 Rxd5 25. Rxb7 Bxe5 26. Bxe5 Rxe5
27. Rxa7 Re1+ 28. Kh2 $14 {Tal-Gipslis/Jurmala/1983/}) 14. Bg3 Nb6 15. Qc5 Bd7
16. Bxd7 Nxd7 17. Qd5 Rfb8 18. Nd4 Nb6 19. Qb3 Qd7 20. Rad1 Qa4 21. Nb5 Rd8 22.
Qxa4 Nxa4 23. b3 Rxd1 24. Rxd1 Nb6 25. f4 Bh6 26. Nc7 Rc8 $132 {Razuvaev,
Y-Hazai,L/Sochi/1982/}) (11... Nb8 12. Qd2 Nc6 13. Bh6 Be6 14. Rfe1 Qb6 15. c3
Rfd8 16. Bxg7 Kxg7 17. Rad1 Rac8 18. b4 a6 19. a4 d4 20. Nxd4 Nxd4 21. cxd4 Bb3
22. a5 Qa7 23. Rc1 Rxc1 24. Rxc1 Qxd4 25. Qc3 Be6 26. Bf3 $16 {[%csl Rb7] ><b7,
Arnold,L-Lorscheid,G/2BLSW 8788/1988/}) (11... e6 12. c3 Qc7 13. Qd4 b6 14.
Rad1 Bb7 15. Rd2 Rac8 16. Qe3 Qc5 17. Rd4 Rfe8 18. h4 f6 19. exf6 Bxf6 20. Ne5
Nxe5 21. Bxe5 Bxe5 22. Qxe5 Qc7 23. Qxc7 Rxc7 24. f4 Kg7 25. Bf3 h6 26. Re1 $14
{Somlai,L-Vadasz,L/Borsodtavho/1991/}) 12. Qd2 (12. Be3 b6 13. c3 Bb7 14. Re1
Qd7 15. Bd4 Rfd8 16. Bf1 e6 17. Qd2 Bc6 18. Qe3 Qe7 19. b4 Na4 20. Rab1 Rac8
21. h4 Rc7 22. Be2 Rdc8 23. Bd1 Bb5 24. Bxa4 Bxa4 25. Rb2 Bb5 $132 {Line
Hoen-Pirttimaki/Slupsk tt/1987/}) (12. Re1 Ne6 13. Bg3 Qc7 14. c3 Rd8 15. Qd2
b6 16. Nd4 Qb7 17. Bd3 Nxd4 18. cxd4 Be6 19. Bh4 Qd7 20. Kh2 Rac8 21. Qb4 Bf8
22. Ba6 Rc7 23. Rac1 f6 24. Bg3 f5 25. Bf4 Rb8 26. Rxc7 Qxc7 27. Rc1 $16 {
[%cal Gc1c8] <->,(),Servat-Schwanek/Argentina (ch)/1987/}) 12... Be6 $146 (
12... Ne6 13. Bh6 b6 14. Bxg7 Kxg7 15. Rad1 Bb7 16. Qe3 Qc7 17. c3 f5 18. Nd4
Nxd4 19. Rxd4 Rad8 20. Rfd1 Bc6 21. Bf3 e6 22. c4 Rfe8 23. cxd5 exd5 24. Re1
Re6 25. Bd1 f4 26. Qxf4 Rde8 27. Rd3 Rxe5 28. Rde3 g5 29. Qd4 {1-0,Gligoric,
S-Tringov,G/Skara EUchT/1980/}) 13. Bh6 $1 {[%csl Rg7] ׻} Qb6 14. Bxg7 Kxg7
15. c3 Rac8 16. Nd4 Ne4 17. Qc1 {+/=/+/- An ideal position for White,
resembling a French defense. He has a better B and better pawn structure and
can prepare a K-side attack.} Qc7 18. Qf4 Bd7 19. Bf3 g5 $5 20. Qh2 {Here the
white Q is only temporarily out of play, as the black Ne4 will have to retreat.
} f5 {Black feels the pressure and attempts to free his position.} 21. exf6+
exf6 {In this position piece activity is no compensation for the weakness of
the isolated pawn.} (21... Nxf6 $6 22. Qxc7 Rxc7 23. Rfe1 Kf7 24. Re5 $18) 22.
Qxc7 Rxc7 23. Rfe1 f5 24. Bd1 $1 $16 {[%csl Rd5,Rf5,Rg5] White has transformed
his advantage. In the endgame the Pd5 is very sensitive, the weakening of the
K-side further complicates Black's defense.} Kf6 25. Bb3 Rc5 $6 (25... Bc6 $142
26. f3 Nc5 27. Bc2 $16) 26. Rad1 Re8 (26... Rd8 $142 $5 $16) 27. Nc2 $1 Be6 28.
f3 Nd6 29. Nb4 {After Pd5 falls White reaches a technically won endgame.} a5
30. Nxd5+ Bxd5 31. Rxe8 Nxe8 32. Bxd5 {White has a strong B and extra pawn,
Black's pawns are weakened on both flanks. The rest is easy.} b5 33. Bb3 $18
Nc7 (33... a4 34. Rd5 $1 Rxd5 (34... axb3 35. Rxc5 bxa2 36. Rc6+ $18 {[%cal
Rc6a6] /\Ra6}) (34... Rc7 35. Bc2 $18) 35. Bxd5 $18) 34. Rd6+ Ke5 35. Rh6 a4
36. Bg8 a3 37. bxa3 Rxc3 38. Rxh7 Kf4 {[%cal Rf4g3] /\Kg3} (38... Nd5 39. Bxd5
Kxd5 40. Rh5 $18) 39. Kh2 $1 Ne8 40. Bb3 Nf6 41. Rf7 Nh5 42. Rb7 (42. g4 $6 Ng3
43. gxf5 Rxf3 $132) 42... Ke3 43. Rxb5 Kf2 44. Bf7 $1 (44. Rxf5 $4 Ng3 45. Rxg5
Nf1+ 46. Kh1 Rc1 $1 $19) 44... Ng3 45. Rb2+ Ne2 46. Be8 {[%cal Re8b5] /\Bb5} g4
47. fxg4 fxg4 48. hxg4 1-0

[Event "FRA-ch"]
[Site "Montpellier"]
[Date "1991.??.??"]
[Round "?"]
[White "Spassky, Boris Vasilievich"]
[Black "Chabanon, Jean Luc"]
[Result "1/2-1/2"]
[WhiteElo "2550"]
[BlackElo "2435"]
[Annotator "Stohl,I"]
[PlyCount "58"]
[EventDate "1991.08.??"]
[EventType "tourn"]
[EventRounds "15"]
[EventCountry "FRA"]
[EventCategory "8"]
[SourceTitle "CBM 027"]
[Source "ChessBase"]
[SourceDate "1992.04.01"]
[SourceVersion "1"]
[SourceVersionDate "1992.04.01"]
[SourceQuality "1"]

1. e4 d6 2. d4 Nf6 3. Nc3 g6 4. Be3 c6 5. h3 (5. a4 Qa5 $5 6. Qd2 Nbd7 7. h3 e5
8. Nf3 Bg7 9. O-O-O O-O 10. dxe5 dxe5 11. Qd6 Re8 12. Bc4 Bf8 13. Qd3 Nb6 14.
Ng5 Nxc4 15. Qxc4 Be6 16. Nxe6 Rxe6 17. Rd3 a6 18. f3 b5 19. Qa2 c5 $132 {
Andruet,G-Dorfman,I,Marseille 1989}) 5... e5 {N} (5... Bg7 $6 6. f4 O-O 7. Nf3
Na6 (7... Nbd7 8. e5 Nh5 9. Ne2 $16) 8. g4 b6 9. e5 (9. Bg2 $16 {()}) 9... dxe5
10. dxe5 Nd5 11. Nxd5 cxd5 12. Qd2 Nc5 13. O-O-O Ne4 14. Qe1 $14 {Sharif,
Me-Chabanon,JL,FRA-ch 1991-CBM 27}) (5... Nbd7 6. f4 $5 (6. Nf3 Qc7 7. a4 Bg7
8. Be2 O-O 9. a5 $5 (9. O-O b6 10. Nd2 e5 11. dxe5 Nxe5 12. f4 Ned7 13. Nc4 d5
14. exd5 cxd5 15. Nxd5 Nxd5 16. Qxd5 Ba6 17. Rae1 Rad8 18. Qd6 Qxd6 19. Nxd6
Bxe2 20. Rxe2 Bxb2 $10 {Short,N-Ftacnik,L,Novi Sad olm 1990-TD 90_06}) 9... Rb8
10. O-O b5 11. axb6 axb6 12. d5 $1 Bb7 13. Nd4 Ra8 14. Qd2 Rfc8 15. Rfd1 Nc5
16. Rxa8 Bxa8 17. Bf3 $36 {><c6,Novikov,I-Zaichik,G,Polanica Zdroj 1989}) 6...
e5 (6... Bg7 7. Nf3 O-O 8. e5 $16 {-5...Bg7?!}) 7. Qf3 (7. fxe5 $6 dxe5 8. dxe5
Nxe5 9. Qxd8+ Kxd8 10. Nf3 Nfd7 11. O-O-O Ke7 12. Be2 Bg7 13. Rhf1 Re8 14. Nxe5
Bxe5 15. Bc4 f6 16. h4 b6 17. Ne2 Bc7 18. Bf4 Ne5 19. Bb3 Bd7 20. Nd4 Rad8 $15
{Nedev,T-Bogdanovski,V,Star Dojran 1991-TD 91_07}) 7... Bg7 (7... b5 $5 $132)
8. dxe5 (8. O-O-O $5 $13) 8... dxe5 9. f5 Qa5 10. g4 b5 11. Bd3 b4 12. Nd1 Nc5
13. Ne2 gxf5 14. gxf5 Nxd3+ 15. cxd3 Ba6 16. Nc1 Bf8 17. Nf2 Rg8 18. Nb3 Qb5
19. O-O-O $36 {עe8,Sveshnikov,E-Komljenovic,D,Torcy op 1991-TD 91_02}) 6. Nf3
(6. dxe5 $5 dxe5 7. Qxd8+ Kxd8 8. O-O-O+ Ke8 9. Nf3 $14) 6... Nbd7 7. Be2 (7.
a4 $142 Qc7 (7... Bg7 8. a5 O-O 9. dxe5 dxe5 10. Qd6 $1 $16 {Nunn,J-Todorcevic,
M,Szirak izt 1987-CBM 03}) 8. a5 Bg7 9. Bc4 $14) 7... Bg7 8. a4 O-O 9. dxe5 (9.
O-O exd4 10. Bxd4 Re8 $10) 9... dxe5 10. Nd2 (10. Qd6 Ne8 11. Qd2 (11. Qa3 Bf6
$10) 11... Qe7 12. O-O Nc7 $10) 10... Qe7 11. Nc4 Rd8 (11... Nc5 $6 12. Qd6 $1
$16) 12. Qd6 Bf8 $1 (12... Qe8 13. Rd1 {/\Ne5} Bf8 14. Qc7 $16) 13. O-O-O Qxd6
14. Nxd6 Nb6 15. Nc4 (15. Nxc8 Rdxc8 16. a5 Nbd7 17. Bg4 Rc7 $10 {/\Bc5,Bb4})
15... Rxd1+ 16. Rxd1 Nxc4 17. Bxc4 Be7 18. g4 (18. f4 exf4 19. Bxf4 Be6 20.
Bxe6 fxe6 21. Bg5 Re8 $10) 18... Kf8 19. f4 exf4 20. Bxf4 Be6 $8 21. Bxe6 fxe6
22. e5 Nd5 23. Bh6+ Ke8 24. Ne4 {/\c4} b5 $1 $8 25. Rf1 Rd8 26. axb5 cxb5 27.
Rf3 (27. Nf6+ $6 Bxf6 28. exf6 Kf7 29. Bd2 (29. g5 $6 {ץh6}) 29... e5 $15)
27... a5 28. Bd2 a4 29. c3 (29. Nf6+ Bxf6 30. exf6 Kf7 $15) 29... Rc8 $10 {
/\Rc4,b4<=>} (29... Rc8 $132 30. Kc2 b4 $5 $13 (30... Nb4+ 31. Kb1 Nd5 32. Kc2
$10)) 1/2-1/2

[Event "Reggio Emilia 9596 38th"]
[Site "Reggio Emilia"]
[Date "1995.12.30"]
[Round "3"]
[White "Godena, Michele"]
[Black "Chernin, Alexander"]
[Result "1/2-1/2"]
[WhiteElo "2420"]
[BlackElo "2600"]
[Annotator "Stohl,I"]
[PlyCount "85"]
[EventDate "1995.12.28"]
[EventType "tourn"]
[EventRounds "9"]
[EventCountry "ITA"]
[EventCategory "14"]
[SourceTitle "CBM 051"]
[Source "ChessBase"]
[SourceDate "1996.04.01"]
[SourceVersion "1"]
[SourceVersionDate "1996.04.01"]
[SourceQuality "1"]

1. e4 d6 2. d4 Nf6 3. Nc3 g6 4. Nf3 Bg7 5. h3 O-O 6. Be3 a6 (6... c6 7. a4 Nbd7
8. Be2 e5 9. O-O Qe7 10. dxe5 dxe5 11. Nd2 Nc5 12. Bg4 Bxg4 13. hxg4 Rfd8 14.
Bxc5 Qxc5 15. Qe2 h5 16. Nb3 Qe7 17. gxh5 Nxh5 18. g3 Qg5 19. Rad1 Nf4 20. Qf3
Ne6 21. Rxd8+ Rxd8 22. Rd1 Bf8 23. Rxd8 Qxd8 $10 {Arnelind,M-Fridman,D/
Hallsdall op/1996/}) 7. a4 d5 $5 8. exd5 {A quiet continuation, after which
Black solves all his opening problems with ease.} (8. e5 $142 Ne4 9. Nxe4 (9.
Bd3 Nxc3 (9... Bf5 10. O-O f6 11. exf6 exf6 12. Nh4 Nxc3 13. bxc3 Bxd3 14. cxd3
Nc6 15. Nf3 Qd7 16. Re1 Qf5 $10 {Spassky,B-Hort,V/BL 8990/1989/}) 10. bxc3 c5
11. O-O (11. dxc5 Nc6 12. Bd4 Qc7 13. O-O Nxe5 14. Nxe5 Bxe5 15. Qe2 Bh2+ 16.
Kh1 e5 17. Kxh2 exd4+ 18. f4 dxc3 19. Qf2 Bd7 20. Qd4 Rac8 21. Qxc3 Qxc5 22.
Qb2 Bc6 23. f5 Rce8 24. Qf6 Qe7 25. Qxe7 Rxe7 $15 {Ivanov,AV-Benjamin,J/USA-ch
Modesto/1995/}) 11... Nc6 12. Qd2 c4 13. Be2 f6 14. exf6 exf6 15. Nh2 Be6 16.
Rab1 Qd7 17. Rb6 Rfe8 18. Bf4 Rad8 19. Bf3 Qf7 20. Ng4 Rd7 21. Nh6+ Bxh6 22.
Bxh6 Bf5 23. Bf4 g5 24. Bg3 h5 $15 {()>>,Brynell,S-Johansson,J/Helsingborg
ch-SE/1991/}) 9... dxe4 10. Ng5 c5 11. dxc5 Qc7 (11... Bxe5 12. Qxd8 Rxd8 13.
c3 Bd7 14. Bc4 e6 15. Nxe4 Bc6 16. f3 Bxe4 17. fxe4 Nd7 18. O-O-O Nxc5 19.
Rxd8+ Rxd8 20. Bxc5 Rc8 21. Bxe6 fxe6 22. Bb4 Rc4 23. Re1 Kg7 24. Kd2 Kh6 25.
a5 $16 {Jukic,B-Zvara,P/Bohemians B/1990/}) (11... Qxd1+ 12. Rxd1 Bxe5 13. Bc4
Bd7 14. Bd5 Bc6 15. c3 Bxa4 16. Bxb7 Ra7 17. c6 Rxb7 18. cxb7 Bxd1 19. Kxd1 Nc6
20. Nxe4 Rb8 {1/2/Pirrot,D-Reeh,O/BL 8990/1990/} 21. Kc2 Rxb7 22. Nc5 $36) 12.
Bc4 $1 (12. Qd5 h6 13. Nxe4 Rd8 14. Qa2 Bf5 15. Ng3 Bxc2 16. Bc4 Qa5+ 17. Ke2
Nc6 18. Bxf7+ Kh7 19. f4 Nb4 20. Qe6 Nd5 21. Bd2 Bd3+ 22. Ke1 Qxc5 23. f5 Ne3
24. Qxg6+ Kh8 $40 {Korchnoi,V-Speelman,J/Brussels SWIFT/1988/}) 12... Nc6 13.
e6 f5 14. O-O f4 15. Bc1 Qe5 16. h4 h6 17. Nh3 Nd4 18. c3 Nxe6 19. Nxf4 Rxf4
20. Bxf4 Qxf4 21. Qd8+ Kh7 22. Qxe7 Qf8 23. Qxf8 Bxf8 24. Rfe1 Nxc5 25. b4 Nd7
26. Rxe4 $16 {Hodgson,J-McNab,C/BCF-ch/1988/}) (8. Bd3 dxe4 9. Nxe4 Nxe4 10.
Bxe4 Nd7 11. O-O c5 12. dxc5 Qc7 13. c6 bxc6 14. c3 Nf6 15. Bd3 e5 16. Bc4 Rd8
17. Qe2 Nd5 18. a5 Nxe3 19. fxe3 Qe7 20. Kh1 Rf8 21. e4 Bh6 22. Rad1 Ra7 23. b4
Bf4 24. Ne1 h5 $5 $132 {Nicholson,J-Kosten,A/BCF-ch/1989/}) 8... Nxd5 9. Nxd5
Qxd5 10. c3 $146 (10. c4 Qd8 {[%csl Rb4][%cal Yc7c5] /\c5<=>,><b4}) (10. Be2
Nc6 11. O-O Bf5 (11... Qd8 12. c4 Nb4 13. a5 b6 14. Qd2 bxa5 15. Rxa5 Rb8 16.
Bh6 Nc6 17. Rd5 Qe8 18. Re1 Bb7 19. Rh5 $1 $40 {Boensch,U-Gerer,J/Bad
Woerishofen/1991/}) 12. Qd2 b5 13. Bh6 $2 Nxd4 $1 14. Nxd4 Bxh6 15. Qxh6 Qxd4
16. c3 Qc5 17. axb5 axb5 18. Rxa8 Rxa8 19. Rd1 e5 $17 {Villavicencio,A-Martin,
A/Benidorm op/1989/}) 10... b6 11. Be2 Bb7 12. O-O e6 13. Ne1 Qd8 (13... Nc6
14. Bf3 Qd7 15. Nd3 $14) 14. Bf3 Qc8 15. Bxb7 Qxb7 $10 16. Qf3 Qxf3 17. Nxf3
Nc6 18. Bf4 Rac8 19. Ne5 (19. Rad1 Rfd8 20. Rfe1 Rd7 $10) 19... Bxe5 20. Bxe5 (
20. dxe5 $6 Kg7 21. Rfd1 Rfd8 $15) 20... f6 {Black doesn't exchange the last
minor piece and tries to keep some tension in the position.} (20... Nxe5 21.
dxe5 Rfd8 22. Rfd1 $10) 21. Bg3 Kf7 22. Rfe1 Rfe8 23. Rad1 Ne7 24. Rd3 Nf5 25.
Bf4 g5 26. Bc1 h5 {()>>} 27. g4 $1 {White rightly takes energetic measures
against Black's expansion on the King-side. The game remains balanced.} (27. f3
h4 $15) 27... hxg4 28. hxg4 Nd6 29. Kg2 Rh8 30. Rh3 Rxh3 31. Kxh3 Nc4 32. Kg3
b5 33. axb5 axb5 34. Rh1 Kg6 35. Re1 Re8 36. f4 $1 gxf4+ 37. Kxf4 c6 38. Kf3
Kf7 39. Rh1 Kg6 40. Rh6+ Kg7 41. Rh2 Kg6 (41... Ra8 42. Re2 $10) 42. Rh6+ Kg7
43. Rh2 1/2-1/2

[Event "Rubinstein Memorial 33rd"]
[Site "Polanica Zdroj"]
[Date "1996.??.??"]
[Round "2"]
[White "Huebner, Robert"]
[Black "Markowski, Tomasz"]
[Result "1-0"]
[WhiteElo "2595"]
[BlackElo "2540"]
[Annotator "Stohl,I"]
[PlyCount "65"]
[EventDate "1996.08.15"]
[EventType "tourn"]
[EventRounds "11"]
[EventCountry "POL"]
[EventCategory "15"]
[SourceTitle "CBM 055"]
[Source "ChessBase"]
[SourceDate "1996.12.01"]
[SourceVersion "1"]
[SourceVersionDate "1996.12.01"]
[SourceQuality "1"]

1. e4 {Petursson} d6 2. d4 Nf6 3. Nc3 g6 4. Nf3 Bg7 5. Be2 O-O 6. O-O c6 7. Re1
Nbd7 8. Bf4 Qb6 (8... Qa5 9. e5 (9. Nd2 Qc7 10. d5 (10. Nc4 b5 11. e5 bxc4 12.
exf6 Bxf6 13. Bxc4 Qb6 14. Bh6 Bxd4 15. Rxe7 Ne5 16. Bxf8 Kxf8 17. Rxe5 Bxe5
18. Qf3 Bf5 19. Bb3 Re8 20. Rd1 d5 21. h3 h5 22. Kh1 h4 23. Re1 Bf6 $15 {
Finkel,A-Beim,V/Tel-Aviv Cup 30'/1996/}) 10... Nb6 11. Bf3 Nfd7 12. Qc1 Ne5 13.
Be2 e6 14. dxc6 bxc6 15. Bg3 f5 16. f4 Nf7 17. Bd3 Rb8 18. a4 d5 19. exf5 exf5
20. Nf3 Nd7 21. Bf2 Nd6 22. Ng5 Nf6 23. Bc5 Nfe4 24. Ngxe4 fxe4 25. Bf1 Rf7 $36
{[%csl Gd5,Ge4] [+],Rojas,L-Belli,M/Jerevan olm/1996/}) 9... Nh5 10. Bg5 dxe5
11. Bxe7 Re8 12. Bd6 exd4 13. Nxd4 Ndf6 14. Nb3 Qg5 15. Qc1 h6 16. Qxg5 hxg5
17. g3 Bf5 18. Nd4 Bd7 19. Bf3 Ng4 20. Nb3 Ne5 21. Bxe5 Rxe5 22. Rxe5 Bxe5 23.
Nc5 Nf6 24. Re1 Bd4 25. N3a4 Bg4 26. Bg2 Rb8 27. c3 $10 {Oll,L-Iordachescu,V/
Jerevan olm/1996/}) 9. Rb1 (9. Qc1 e5 (9... Re8 10. e5 dxe5 11. dxe5 Ng4 12. e6
fxe6 13. h3 Ngf6 14. Bc4 Nf8 15. Be5 a5 16. Na4 Qd8 17. Rd1 Nd5 18. Bxg7 Kxg7
19. Bf1 Qc7 20. c4 Nf6 21. Qe3 Rb8 22. Qa7 $44 {Zaitsev,I-Komliakov,V/
Bucharest ENE/1993/}) 10. dxe5 dxe5 11. Be3 Qc7 12. Nd2 (12. a4 Ng4 13. Bd2 Nc5
14. h3 Nf6 15. Bf1 a5 16. Bc4 Be6 17. Bxe6 Nxe6 18. Be3 Rfe8 19. Nd2 Nd7 20.
Qb1 Nd4 21. Ne2 Rad8 22. c3 Ne6 23. Nb3 Bf8 24. Qc2 Be7 25. f3 Bg5 $10 {
Adams,M-Seret,J/FRA-chT/1989/}) (12. h3 Re8 13. a4 a5 14. Bc4 Nf8 15. Ng5 Ne6
16. Rd1 Bf8 17. Nxe6 $10 {1/2/Thorsteins,K-Seret,J/Belfort op/1989/}) 12... Rd8
13. Rd1 Nf8 (13... Bf8 $5 $132) 14. Nc4 Rxd1+ 15. Qxd1 Ne8 16. a4 Ne6 17. Nb1
b6 18. c3 Nf4 19. Bf1 Be6 20. Nbd2 h5 21. Qc2 Rd8 22. b4 Nf6 23. Nf3 Nh7 24.
Rd1 Rxd1 25. Qxd1 Bg4 26. Qd6 $1 $16 {_|_,Karpov,A-Hansen,C/Biel/1992/}) (9.
Qd3 $5 c5 $2 10. e5 Nh5 11. Be3 dxe5 12. dxe5 Qxb2 13. Rab1 Qa3 14. Nd5 Qxd3
15. Nxe7+ Kh8 16. Bxd3 Nxe5 17. Nxe5 Bxe5 18. Bxc5 Bc3 19. Nxg6+ hxg6 20. Bxf8
Bxe1 21. Rxe1 Bf5 22. Bxf5 gxf5 23. Bc5 $16 {Nunn,J-Christiansen,L/Luzern tt/
1989/}) (9. a3 e5 10. dxe5 dxe5 11. Be3 Qc7 12. Nd2 Rd8 13. f3 Nh5 14. Qc1 Nf4
15. Bf1 Ne6 16. Nd1 a5 17. b4 Bf8 18. c3 b6 19. Nb2 Ba6 20. Qc2 Bxf1 21. Rxf1
axb4 22. axb4 b5 23. Nd3 Nf4 24. Nxf4 exf4 25. Bd4 c5 26. bxc5 Nxc5 $15 {
Roeder,M-Seret,J/Belfort op/1989/}) 9... Re8 $5 $146 {[%cal Re7e5] /\e5} (9...
a5 $6 10. Bf1 Rd8 11. Qe2 Nf8 12. h3 Be6 13. Be3 Qc7 14. Rbd1 d5 15. e5 Ne8 16.
Ng5 Bc8 17. f4 b5 18. Qf2 f6 19. Nf3 Qb8 20. g4 a4 21. Ne2 Bh8 22. Ng3 Ng7 23.
Bd3 f5 24. gxf5 Nxf5 25. Nxf5 Bxf5 26. Bxf5 gxf5 27. Kh2 $16 {Lastin,
A-Tseshkovsky,V/RUS-ch Elista/1995/}) 10. e5 $8 {Without this space gaining
advance White can't count on any advantage.} dxe5 11. Nxe5 (11. dxe5 $2 Ng4 $17
) 11... Nxe5 (11... Nd5 $5 12. Nxd5 cxd5 13. Bf3 e6 $10 (13... Nf6 $5)) 12.
dxe5 (12. Bxe5 Bf5 $10) 12... Rd8 13. Bd3 Nd5 14. Nxd5 cxd5 (14... Rxd5 15. Qe2
$32 $36 {()}) 15. c3 Qc7 $2 (15... d4 $142 16. c4 a5 $13) 16. Qa4 $1 {[%cal
Re5e6] (),/\e6 From now on White plays a model game. First of all he blockades
the Pd5, thus preventing counterplay, then he proceeds with a K-side build-up,
his Pe5 guaranteeing him attacking chances.} Be6 (16... Bf5 17. Bxf5 gxf5 18.
e6 $40) 17. Qd4 Rab8 (17... Qd7 $5 {[%cal Ye6f5] /\Bf5} 18. Rbd1 Bf5 19. Bf1
$14) 18. a4 $1 a6 19. Ra1 Qd7 20. h3 Rbc8 21. Be3 {[%cal Yf2f4,Yg2g4] /\f4,g4->
} Bf5 22. Bf1 Bc2 $6 {Black put his B in total offside and makes White's
attack much easier.} (22... Qe6 $142 23. Bg5 $1 (23. f4 f6 $132) 23... Be4 24.
f3 $36) 23. Qf4 Bb3 {[%csl Rb3] ץb3} 24. Bd3 $1 Qe6 (24... Bc4 25. Bc2 {
[%cal Rb2b3] /\b3+-}) 25. Bd4 Qc6 26. e6 $1 f6 $6 {[%csl Ge6] Now Black will
not manage to get rid of the Pe6 in time.} (26... fxe6 $142 27. Bxg7 Kxg7 28.
Qd4+ Kf7 29. Re3 $40) 27. h4 $40 Rd6 28. Qg4 Rf8 (28... f5 $2 29. Bxf5) (28...
Bxa4 29. h5 g5 30. Qf5 h6 31. Qh7+ Kf8 32. Bxf6 $1 exf6 33. e7+ $18) 29. h5 f5
30. Bxf5 $1 Bxd4 (30... Rxf5 31. hxg6 Bxd4 (31... Rf6 32. gxh7+ (32. Bxf6 exf6
33. gxh7+ Kh8 34. e7 Qe8 35. Qb4 $18) 32... Kxh7 33. Bxf6 exf6 (33... Bxf6 34.
Re3 $18) 34. Qh5+ Kg8 35. e7 $18) 32. cxd4 {-30...Bxd4}) 31. cxd4 Rxf5 32. hxg6
Rf8 (32... Rf6 $8 33. gxh7+ Kxh7 34. Qh3+ Rh6 35. Qxb3 $18) (32... Bc2 {
Petursson} 33. gxh7+ Kxh7 34. Rac1 (34. Qh4+ Kg8 35. Re3 Rxe6 36. Rc3 Rh6 $1
$16) 34... Rxe6 35. Rxe6 Qxe6 36. Rxc2 Qe1+ 37. Kh2 Rf6 38. Re2 $18) 33. Qh5 $1
(33. Qh5 hxg6 34. Qxg6+ Kh8 35. Re3 $18) 1-0